|
|
|
|
| LEADER |
00000nam0a2200000 4500 |
| 001 |
354424 |
| 005 |
20231102010705.0 |
| 035 |
|
|
|a (RuTPU)RU\TPU\retro\11682
|
| 090 |
|
|
|a 354424
|
| 100 |
|
|
|a 20200619d1979 k y0rusy50 ca
|
| 101 |
0 |
|
|a rus
|
| 102 |
|
|
|a UA
|
| 105 |
|
|
|a y z 001zy
|
| 200 |
1 |
|
|a Статистика качества продукции на промышленном предприятии
|e [монография]
|f И. В. Семеняк
|
| 210 |
|
|
|a Харьков
|c Вища школа
|d 1979
|
| 215 |
|
|
|a 112 с.
|
| 320 |
|
|
|a Библиогр.: с. 106-110
|
| 606 |
1 |
|
|a Промышленная продукция
|x Качество
|x Статистические методы изучения
|2 stltpush
|3 (RuTPU)RU\TPU\subj\52226
|9 70714
|
| 610 |
1 |
|
|a промышленные предприятия
|
| 610 |
1 |
|
|a качественные показатели
|
| 610 |
1 |
|
|a экономико-статистическое изучение
|
| 610 |
1 |
|
|a уровень качества
|
| 610 |
1 |
|
|a оценка
|
| 610 |
1 |
|
|a измерение
|
| 610 |
1 |
|
|a монографии
|
| 675 |
|
|
|a 658.562
|v 4
|
| 700 |
|
1 |
|a Семеняк
|b И. В.
|g Инна Владимировна
|
| 801 |
|
1 |
|a RU
|b 63413507
|c 20200619
|
| 801 |
|
2 |
|a RU
|b 63413507
|c 20230623
|g RCR
|
| 942 |
|
|
|c BK
|